Hydrobiological aspects of fisheries in small reservoirs in the Sahel region (Record no. 606)
[ view plain ]
| 000 -LEADER | |
|---|---|
| fixed length control field | 00453nam a2200133 4500 |
| 020 ## - INTERNATIONAL STANDARD BOOK NUMBER | |
| ISBN | 9290811382 |
| 050 ## - CALL NUMBER | |
| Classification number | SH1 |
| Item number | .B35 |
| 100 ## - AUTHOR | |
| Personal name | Baijot, Etienne |
| -- | Moreau, Jacques |
| -- | Bouda, Sana |
| 245 ## - TITLE | |
| Title | Hydrobiological aspects of fisheries in small reservoirs in the Sahel region |
| Statement of responsibility, etc | Etienne Baijot, Jacques Moreau and Sana Bouda |
| 260 ## - PUBLICATION INFORMATION | |
| Place of publication | UK : |
| Name of publisher | Proost, |
| Year of publication | 1997 |
| 300 ## - DESCRIPTION | |
| Number of Pages | 238 pages : |
| Other physical details | color illustartions |
| 650 ## - SUBJECTS | |
| Topical Term | fishers -- hydrobiological |
| 942 ## - ADDED ENTRY ELEMENTS (KOHA) | |
| Koha item type | Books |
| Withdrawn status | Lost status | Home library | Current library | Date acquired | Full call number | Accession Number | Koha item type |
|---|---|---|---|---|---|---|---|
| Methodist University Library Wenchi Faculty | Methodist University Library Wenchi Faculty | 31/10/2017 | SH1 .B35 | 34646 | Books |